[Event "DEM U10/U10w 2013"]
[Site "Oberhof GER"]
[Date "2013.05.25"]
[Round "11"]
[White "Keymer, Vincent"]
[Black "Kopylov, Daniel"]
[Result "1-0"]
[Termination "normal"]
[Board "1"]
[WhiteElo "1861"]
[BlackElo "1628"]
[PlyCount "127"]
[WhiteFideId "12940690"]
[BlackFideId "12921971"]
[EventCountry "GER"]
[EventRounds "11"]
[EventType "swiss"]
[EventDate "2013.05.18"]

1. e4 e6 2. d4 d5 3. Nc3 dxe4 4. Nxe4 Nd7 5. Nf3 Ngf6 6. Nxf6+ Nxf6 7. Bc4 c5
8. O-O cxd4 9. Qe2 Bc5 10. Bg5 O-O 11. Rad1 h6 12. Bh4 Re8 13. c3 Qb6 14. cxd4
Be7 15. d5 exd5 16. Bxf6 Qxf6 17. Bxd5 Bf5 18. Rfe1 Kf8 19. Qe5 Rab8 20. Qf4
Bg6 21. Qa4 Bc5 22. Qb5 Bb6 23. Bxb7 Rxe1+ 24. Rxe1 Kg8 25. Re8+ Rxe8 26. Qxe8+
Kh7 27. Qe2 Qd6 28. Be4 Qc5 29. Bxg6+ fxg6 30. g3 Qf5 31. Kg2 Qd5 32. b3 g5 33.
Qc2+ Kh8 34. h4 gxh4 35. gxh4 Qe6 36. Nh2 Qf6 37. Kg3 Qd6+ 38. f4 Bc7 39. Qe4
Qb6 40. Nf3 Qa5 41. Qe7 Qb6 42. h5 Qa5 43. Qe8+ Kh7 44. Qg6+ Kh8 45. Kg4 Qxa2
46. Qe8+ Kh7 47. Qe4+ Kh8 48. Nd4 Qa6 49. Nf5 Qb6 50. Qe8+ Kh7 51. Qe4 Qg1+ 52.
Ng3+ Kh8 53. Qf5 Bb6 54. Kh3 Qe3 55. Qc8+ Kh7 56. Qc2+ Kh8 57. Kg4 Qe6+ 58. Nf5
Qd7 59. Qe2 Qf7 60. Qe5 Kh7 61. Ne7 Qe8 62. Qe4+ Kh8 63. Ng6+ Qxg6+ 64. hxg6
1-0

[Event "DEM U10/U10w 2013"]
[Site "Oberhof GER"]
[Date "2013.05.25"]
[Round "11"]
[White "Graf, Justus Felix"]
[Black "Niemann, Alexander"]
[Result "1-0"]
[Termination "normal"]
[Board "2"]
[WhiteElo "1489"]
[BlackElo "1645"]
[PlyCount "78"]
[WhiteFideId "12929212"]
[BlackFideId "12939862"]
[EventCountry "GER"]
[EventRounds "11"]
[EventType "swiss"]
[EventDate "2013.05.18"]

1. e4 c5 2. Nf3 d6 3. d4 cxd4 4. Nxd4 Nf6 5. Nc3 g6 6. Bc4 Bg7 7. O-O O-O 8.
Bb3 Nc6 9. Re1 Bd7 10. h3 Nxd4 11. Qxd4 Bc6 12. Qd3 b5 13. Bg5 b4 14. Nd5 Bxd5
15. exd5 a5 16. a4 Qc7 17. Re2 h6 18. Bh4 g5 19. Bg3 Nh5 20. Rae1 Nxg3 21. Rxe7
Qd8 22. fxg3 Be5 23. R1xe5 dxe5 24. d6 Kg7 25. c3 Qb6+ 26. Kh2 Rad8 27. d7 Kf6
28. Re8 Rfxe8 29. Qh7 Ke7 30. Qxf7+ Kd6 31. dxe8=Q Rxe8 32. Qxe8 Qe3 33. Qd8+
Kc6 34. Bd5+ Kc5 35. Qxa5+ Kd6 36. Qd8+ Kc5 37. cxb4+ Kxb4 38. b3 Qd2 39. Qe7+
Ka5 1-0

[Event "DEM U10/U10w 2013"]
[Site "Oberhof GER"]
[Date "2013.05.25"]
[Round "11"]
[White "Dobrikov, Marco"]
[Black "Tong, Kevin"]
[Result "1-0"]
[Termination "normal"]
[Board "3"]
[WhiteElo "1528"]
[BlackElo "1637"]
[PlyCount "109"]
[WhiteFideId "12950378"]
[BlackFideId "12913944"]
[EventCountry "GER"]
[EventRounds "11"]
[EventType "swiss"]
[EventDate "2013.05.18"]

1. e4 e6 2. d4 d5 3. e5 c5 4. c3 Nc6 5. Nf3 Qb6 6. Bd3 cxd4 7. cxd4 Bd7 8. Bc2
Bb4+ 9. Nc3 Nge7 10. O-O Ng6 11. a3 Bxc3 12. bxc3 O-O 13. Ne1 Rac8 14. Nd3 Na5
15. Rb1 Qc7 16. Bd2 b6 17. f4 Nc4 18. Bc1 Ne7 19. g4 f6 20. Ra1 fxe5 21. fxe5
Rxf1+ 22. Qxf1 Rf8 23. Qh3 Ng6 24. Nf4 Ncxe5 25. dxe5 Qxe5 26. Ng2 d4 27. Bd2
Qe2 28. Qd3 Qf2+ 29. Kh1 Bc6 30. Rg1 Nh4 31. Qxh7+ Kf7 32. Be4 Nxg2 33. Bxc6
Qxd2 34. Rxg2 Qxc3 35. Rf2+ Ke7 36. Qxg7+ Kd6 37. Qxf8+ Kxc6 38. Qc8+ Kd5 39.
Qxc3 dxc3 40. g5 Kd4 41. g6 Kd3 42. g7 c2 43. Rxc2 Kxc2 44. g8=Q Kb3 45. Qxe6+
Kxa3 46. h4 b5 47. h5 b4 48. Qe1 Ka2 49. Qxb4 a5 50. Qb5 a4 51. h6 a3 52. h7
Ka1 53. h8=Q+ Ka2 54. Qh2+ Ka1 55. Qf1# 1-0

[Event "DEM U10/U10w 2013"]
[Site "Oberhof GER"]
[Date "2013.05.25"]
[Round "11"]
[White "Heckmann, Till"]
[Black "Svane, Frederik"]
[Result "0-1"]
[Termination "normal"]
[Board "4"]
[WhiteElo "1517"]
[BlackElo "1715"]
[PlyCount "94"]
[WhiteFideId "12987093"]
[BlackFideId "12923044"]
[EventCountry "GER"]
[EventRounds "11"]
[EventType "swiss"]
[EventDate "2013.05.18"]

1. e4 c5 2. Nf3 Nc6 3. d3 e6 4. Nbd2 d5 5. g3 Nf6 6. Bg2 Be7 7. O-O O-O 8. e5
Nd7 9. Re1 Qc7 10. Qe2 b5 11. Nf1 Nb6 12. Bf4 a5 13. h4 Ba6 14. N1h2 b4 15. Qd2
c4 16. Rac1 Na4 17. dxc4 dxc4 18. c3 Rfd8 19. Qc2 Nc5 20. Rcd1 Nd3 21. Re4 b3
22. axb3 cxb3 23. Qb1 Nxf4 24. gxf4 Bb7 25. Ree1 Rxd1 26. Rxd1 Rd8 27. Rd3 Ba6
28. Rxd8+ Qxd8 29. Ng5 Bd3 30. Qd1 Bc2 31. Qxd8+ Nxd8 32. Ne4 Bxh4 33. Nc5 Be7
34. Na4 Kf8 35. Bf1 g5 36. fxg5 Bxg5 37. Nb6 Ke7 38. Bb5 Bc1 39. Na4 Bf4 40.
Nf3 h5 41. c4 Be4 42. Kg2 h4 43. Nc3 h3+ 44. Kxh3 Bxf3 45. c5 Bxe5 46. Na4 Bd5
47. c6 Nxc6 0-1

[Event "DEM U10/U10w 2013"]
[Site "Oberhof GER"]
[Date "2013.05.25"]
[Round "11"]
[White "Merk, Daniel"]
[Black "Suvorov, Luca"]
[Result "1-0"]
[Termination "normal"]
[Board "5"]
[WhiteElo "1655"]
[BlackElo "1551"]
[PlyCount "68"]
[WhiteFideId "12938386"]
[BlackFideId "12977071"]
[EventCountry "GER"]
[EventRounds "11"]
[EventType "swiss"]
[EventDate "2013.05.18"]

1. d4 Nf6 2. c4 g6 3. Nc3 Bg7 4. g3 O-O 5. Bg2 d6 6. e3 Nbd7 7. Nf3 e5 8. O-O
Re8 9. b3 Qe7 10. Bb2 Nb6 11. d5 Bg4 12. e4 Qd7 13. Qc2 h5 14. Ne1 Bh3 15. f3
Bh6 16. Bc1 g5 17. Nd3 Bxg2 18. Qxg2 Kh7 19. c5 Nc8 20. b4 Ne7 21. a4 c6 22.
Ba3 cxd5 23. cxd6 d4 24. Nxe5 Qe6 25. dxe7 Qxe5 26. Nd5 Nxd5 27. exd5 Rxe7 28.
b5 Rd7 29. d6 Bf8 30. Qh3 Bxd6 31. Qxd7 Qe3+ 32. Kh1 Bxa3 33. Qxf7+ Kh6 34.
Rae1 Rf8 1-0

[Event "DEM U10/U10w 2013"]
[Site "Oberhof GER"]
[Date "2013.05.25"]
[Round "11"]
[White "Collin, Alexander"]
[Black "Suvorov, Alexander"]
[Result "0-1"]
[Termination "normal"]
[Board "6"]
[WhiteElo "1451"]
[BlackElo "1397"]
[PlyCount "120"]
[WhiteFideId "12946745"]
[BlackFideId "12977063"]
[EventCountry "GER"]
[EventRounds "11"]
[EventType "swiss"]
[EventDate "2013.05.18"]

1. e4 e5 2. Nf3 Nc6 3. d4 exd4 4. Nxd4 Qh4 5. Nc3 Bb4 6. Qd3 Nf6 7. Nxc6 dxc6
8. e5 Nd5 9. Bd2 Nxc3 10. Bxc3 Bxc3+ 11. Qxc3 Qe4+ 12. Kd2 Be6 13. f3 Qf4+ 14.
Qe3 O-O-O+ 15. Bd3 Qxe3+ 16. Kxe3 Rhe8 17. Rhe1 g6 18. Rad1 c5 19. b3 a6 20. a4
Rd7 21. Re2 c4 22. bxc4 Bxc4 23. Red2 Bxd3 24. Rxd3 Rxd3+ 25. Rxd3 Rxe5+ 26.
Kd2 c6 27. Rc3 Kc7 28. Kd3 Kd6 29. Rb3 Kc7 30. Rc3 Re1 31. Rc4 Rg1 32. g3 Rg2
33. Re4 Kd6 34. Rd4+ Ke6 35. Re4+ Kf6 36. Rb4 b5 37. axb5 axb5 38. Rd4 c5 39.
Rd5 c4+ 40. Kc3 b4+ 41. Kxc4 Rxc2+ 42. Kxb4 Rxh2 43. f4 Rg2 44. Rd3 Kf5 45. Kc4
Kg4 46. Rd7 f5 47. Rxh7 Kxg3 48. Rg7 Kxf4 49. Kd3 g5 50. Re7 g4 51. Rg7 Kf3 52.
Rg5 f4 53. Rg6 Ra2 54. Rg5 g3 55. Re5 Kg2 56. Rf5 f3 57. Ke3 f2 58. Rxf2+ gxf2
59. Ke4 f1=Q 60. Kd4 Ra3 0-1

[Event "DEM U10/U10w 2013"]
[Site "Oberhof GER"]
[Date "2013.05.25"]
[Round "11"]
[White "Gheng, Dominik"]
[Black "Stork, Oliver"]
[Result "0-1"]
[Termination "normal"]
[Board "7"]
[WhiteElo "1635"]
[BlackElo "1604"]
[PlyCount "142"]
[WhiteFideId "12906778"]
[BlackFideId "12955728"]
[EventCountry "GER"]
[EventRounds "11"]
[EventType "swiss"]
[EventDate "2013.05.18"]

1. e4 e5 2. Nf3 Nc6 3. Bb5 a6 4. Ba4 Nf6 5. O-O Be7 6. Re1 b5 7. Bb3 O-O 8. c3
d6 9. h3 Nb8 10. d4 Nbd7 11. a4 Bb7 12. Bc2 Re8 13. Nbd2 Bf8 14. Bd3 c6 15. Qb3
Nb6 16. Nf1 g6 17. axb5 axb5 18. Bg5 Bg7 19. Ng3 h6 20. Be3 Qc7 21. dxe5 dxe5
22. Rxa8 Bxa8 23. Qb4 Nfd7 24. Qb3 Bb7 25. Ra1 Ra8 26. Rxa8+ Bxa8 27. Nh4 Qd6
28. Be2 Bb7 29. Qd1 Qxd1+ 30. Bxd1 Nc4 31. Bc1 Bf6 32. Nf3 h5 33. b3 Nd6 34.
Ba3 c5 35. b4 cxb4 36. Bxb4 Nxe4 37. Nxe4 Bxe4 38. Be2 Bc6 39. Nd2 Nb6 40. Bc5
Nd5 41. Bf3 Bg5 42. Ne4 Be7 43. Bxe7 Nxe7 44. Nf6+ Kg7 45. Bxc6 Nxc6 46. Nd5 f5
47. Kf1 Na7 48. Ke2 Kf7 49. Kd3 Ke6 50. Nc7+ Kd6 51. Ne8+ Ke7 52. Nc7 Kd6 53.
Ne8+ Kc5 54. Nc7 e4+ 55. Kc2 Kc4 56. Ne6 Nc6 57. Nf4 Ne5 58. h4 Ng4 59. Nxg6
Nxf2 60. Nf4 e3 61. Nxh5 Ne4 62. Nf4 Nxc3 63. h5 e2 64. Kd2 b4 65. h6 b3 66. h7
b2 67. h8=Q e1=Q+ 68. Kxe1 b1=Q+ 69. Kf2 Ne4+ 70. Ke3 Qe1+ 71. Ne2 Qf2# 0-1

[Event "DEM U10/U10w 2013"]
[Site "Oberhof GER"]
[Date "2013.05.25"]
[Round "11"]
[White "Helmer, Jan"]
[Black "Tschammer, Kai"]
[Result "1-0"]
[Termination "normal"]
[Board "8"]
[WhiteElo "1570"]
[BlackElo "1605"]
[PlyCount "71"]
[WhiteFideId "12956686"]
[BlackFideId "12939099"]
[EventCountry "GER"]
[EventRounds "11"]
[EventType "swiss"]
[EventDate "2013.05.18"]

1. Nf3 d5 2. c4 dxc4 3. Nc3 Nf6 4. e4 Nc6 5. Bxc4 Bg4 6. O-O e5 7. d3 Nd4 8.
Bxf7+ Ke7 9. Bc4 Qe8 10. Kh1 Qh5 11. Nxd4 Bxd1 12. Nf5+ Kd7 13. Rxd1 Ng4 14.
Kg1 Qxh2+ 15. Kf1 Qh1+ 16. Ke2 Qxg2 17. Be3 Nf6 18. Rh1 Qg6 19. Rag1 Qe8 20.
Nxg7 Bxg7 21. Rxg7+ Kc8 22. Bg5 Nd7 23. Bf7 Qf8 24. Bh6 Qb4 25. Rb1 Qd6 26. Bg5
h6 27. Bh4 c6 28. Rbg1 Kc7 29. R1g6 Qb4 30. Nd1 Kb6 31. Bc4 Nc5 32. f3 Qa4 33.
Kd2 Rhf8 34. Nc3 Qb4 35. Kc2 Na4 36. Nd5+ 1-0

[Event "DEM U10/U10w 2013"]
[Site "Oberhof GER"]
[Date "2013.05.25"]
[Round "11"]
[White "Wu, Luka"]
[Black "Zimmer, Raphael"]
[Result "0-1"]
[Termination "normal"]
[Board "10"]
[WhiteElo "1217"]
[BlackElo "1369"]
[PlyCount "122"]
[WhiteFideId "12977420"]
[BlackFideId "12978841"]
[EventCountry "GER"]
[EventRounds "11"]
[EventType "swiss"]
[EventDate "2013.05.18"]

1. d4 d5 2. Nf3 Bf5 3. Bf4 e6 4. e3 c5 5. Be2 Nf6 6. h3 Nc6 7. Nbd2 Qb6 8. dxc5
Bxc5 9. b3 Nb4 10. O-O Bxc2 11. Qc1 O-O 12. a3 Rfc8 13. axb4 Bxb4 14. Qb2 Bc3
15. Qxc2 Bxa1 16. Qa2 Bc3 17. Bd3 Bxd2 18. Nxd2 Rc3 19. Qb1 Nd7 20. Bxh7+ Kh8
21. Bd3 e5 22. Bg3 e4 23. Be2 Rac8 24. Bg4 Qb5 25. Rd1 Rd8 26. Qb2 Rc5 27. Bh4
f6 28. Rc1 Rxc1+ 29. Qxc1 Nc5 30. Qc3 Rd6 31. Bg3 Rb6 32. Bd1 Rc6 33. Qa1 Qb4
34. Qd4 Qxd4 35. exd4 Ne6 36. Kf1 Nxd4 37. Bf4 g5 38. Be3 Nb5 39. g3 Rc1 40.
Kg2 Rxd1 41. Nf1 Rd3 42. b4 b6 43. h4 g4 44. Nh2 f5 45. h5 a5 46. bxa5 bxa5 47.
Bf4 a4 48. Be5+ Kh7 49. Nf1 a3 50. Ne3 Rxe3 51. fxe3 a2 52. Kf2 d4 53. exd4
a1=Q 54. Ke3 Qc3+ 55. Kf4 Nxd4 56. Bxd4 Qxd4 57. Kxf5 e3 58. Kg5 e2 59. Kh4
e1=Q 60. h6 Kg6 61. h7 Qh1# 0-1

[Event "DEM U10/U10w 2013"]
[Site "Oberhof GER"]
[Date "2013.05.25"]
[Round "11"]
[White "Yankelevich, Michael"]
[Black "Wu, Leon"]
[Result "0-1"]
[Termination "normal"]
[Board "11"]
[WhiteElo "1644"]
[BlackElo "1345"]
[PlyCount "92"]
[WhiteFideId "12921440"]
[BlackFideId "12977438"]
[EventCountry "GER"]
[EventRounds "11"]
[EventType "swiss"]
[EventDate "2013.05.18"]

1. e4 c6 2. d4 d5 3. exd5 cxd5 4. Nf3 Nf6 5. Bd3 Bg4 6. c3 e6 7. Bf4 Be7 8.
Nbd2 Nbd7 9. Qc2 Rc8 10. Qb3 Qb6 11. O-O O-O 12. Ne5 Qxb3 13. Nxb3 Nxe5 14.
Bxe5 Nd7 15. Bg3 Nb6 16. Nd2 Na4 17. Rab1 a6 18. f4 Nxc3 19. bxc3 Rxc3 20.
Bxh7+ Kxh7 21. Rxb7 Bf6 22. Nb3 Rc2 23. a4 Rb2 24. Bf2 Rc8 25. h3 Bf5 26. g4
Bc2 27. Rc1 Rc4 28. g5 Bd8 29. Rd7 Bxb3 30. Rxc4 dxc4 31. Rxd8 c3 32. Rc8 c2
33. Be3 Bxa4 34. Rc7 Rb1+ 35. Kf2 Kg6 36. Rc4 Bb3 37. Rb4 a5 38. Rb6 a4 39. Ke2
c1=Q 40. Bxc1 Rxc1 41. Ke3 a3 42. Rxb3 a2 43. f5+ Kxg5 44. fxe6 a1=Q 45. exf7
Rc3+ 46. Ke4 Qa8+ 0-1

[Event "DEM U10/U10w 2013"]
[Site "Oberhof GER"]
[Date "2013.05.25"]
[Round "11"]
[White "Mücka, Cedric"]
[Black "Khamenya, Vitalia"]
[Result "1-0"]
[Termination "normal"]
[Board "13"]
[WhiteElo "1380"]
[BlackElo "1210"]
[PlyCount "75"]
[WhiteFideId "16217640"]
[BlackFideId "12959260"]
[EventCountry "GER"]
[EventRounds "11"]
[EventType "swiss"]
[EventDate "2013.05.18"]

1. e4 e5 2. Nf3 Nc6 3. d4 exd4 4. Bc4 Nf6 5. O-O Bc5 6. c3 dxc3 7. Re1 O-O 8.
Nxc3 Ng4 9. Rf1 d6 10. Ng5 Nce5 11. Bb3 Bd7 12. h3 Nf6 13. Kh1 h6 14. Nf3 Qc8
15. Nxe5 dxe5 16. g4 Bc6 17. Nd5 Nxe4 18. Qc2 Bb5 19. Bc4 Bxc4 20. Qxc4 Nxf2+
21. Kg2 b6 22. Rxf2 Bxf2 23. Ne7+ Kh8 24. Nxc8 Raxc8 25. Kxf2 f5 26. Kg3 fxg4
27. Kxg4 Rcd8 28. Be3 Rf6 29. Rf1 Rg6+ 30. Kh5 Rg5+ 31. Bxg5 hxg5 32. Kxg5 Re8
33. Qh4+ Kg8 34. Qh5 Rd8 35. Qf7+ Kh8 36. Rg1 c5 37. Kf5 Rg8 38. Qh5# 1-0

[Event "DEM U10/U10w 2013"]
[Site "Oberhof GER"]
[Date "2013.05.25"]
[Round "11"]
[White "Bartelt, Max Peter"]
[Black "Breitzmann, Sander"]
[Result "1-0"]
[Termination "normal"]
[Board "14"]
[WhiteElo "1356"]
[BlackElo "1168"]
[PlyCount "133"]
[WhiteFideId "12967289"]
[BlackFideId "12987085"]
[EventCountry "GER"]
[EventRounds "11"]
[EventType "swiss"]
[EventDate "2013.05.18"]

1. d4 d5 2. Bf4 e6 3. Nf3 Nf6 4. h3 c5 5. e3 Nc6 6. c3 c4 7. b3 b5 8. a4 Na5 9.
b4 Nb3 10. Ra2 Bd7 11. a5 a6 12. Nbd2 Nxd2 13. Nxd2 Be7 14. Be2 O-O 15. O-O h6
16. Bf3 Bc6 17. Qc2 Bd6 18. Bxd6 Qxd6 19. e4 dxe4 20. Bxe4 Bxe4 21. Nxe4 Nxe4
22. Qxe4 Qd5 23. f3 Rfe8 24. Re1 f6 25. Qf4 Rad8 26. Rae2 Qd6 27. Qxd6 Rxd6 28.
Kf2 Kf7 29. f4 Rd5 30. g4 g6 31. Kg3 h5 32. Re3 Re7 33. Rf1 hxg4 34. hxg4 f5
35. g5 Rd8 36. Rh1 Kg7 37. Re2 Rh8 38. Rxh8 Kxh8 39. d5 Kg8 40. d6 Rd7 41. Rxe6
Kf7 42. Rf6+ Kg7 43. Kf3 Rf7 44. Re6 Rd7 45. Ke3 Kf7 46. Rf6+ Kg7 47. Kd4 Rf7
48. Kc5 Rxf6 49. gxf6+ Kxf6 50. Kc6 g5 51. fxg5+ Kxg5 52. d7 f4 53. d8=Q+ Kg4
54. Qd1+ f3 55. Qf1 Kf4 56. Kb6 Ke3 57. Kxa6 f2 58. Qxf2+ Kxf2 59. Kxb5 Ke3 60.
Kxc4 Kd2 61. a6 Kc2 62. a7 Kb2 63. a8=Q Kb1 64. Qg2 Kc1 65. Qe2 Kb1 66. Kb3 Kc1
67. Qe1# 1-0

[Event "DEM U10/U10w 2013"]
[Site "Oberhof GER"]
[Date "2013.05.25"]
[Round "11"]
[White "Bui, Julia"]
[Black "Lieberwirth, Kasimir"]
[Result "1/2-1/2"]
[Termination "normal"]
[Board "15"]
[WhiteElo "1260"]
[BlackElo "1433"]
[PlyCount "52"]
[WhiteFideId "12977055"]
[BlackFideId "12988146"]
[EventCountry "GER"]
[EventRounds "11"]
[EventType "swiss"]
[EventDate "2013.05.18"]

1. e4 c5 2. Nf3 Nc6 3. d4 cxd4 4. Nxd4 e5 5. Nb5 a6 6. N5c3 Nf6 7. Bg5 h6 8.
Bxf6 Qxf6 9. Nd5 Qd8 10. Nbc3 Nb4 11. a4 Nxd5 12. Nxd5 Bc5 13. Qd2 d6 14. Bc4
Be6 15. O-O Bxd5 16. Bxd5 Qd7 17. b4 Bd4 18. c3 Bb6 19. a5 Bd8 20. Rfd1 Bg5 21.
Qd3 O-O 22. Bb3 Rac8 23. Ra2 Be7 24. Rc2 Qc6 25. Bd5 Qd7 26. Qe2 Qc7 1/2-1/2

[Event "DEM U10/U10w 2013"]
[Site "Oberhof GER"]
[Date "2013.05.25"]
[Round "11"]
[White "Zyla, Lennert"]
[Black "Hüls, Maximilian"]
[Result "1/2-1/2"]
[Termination "normal"]
[Board "16"]
[WhiteElo "1291"]
[BlackElo "1617"]
[PlyCount "53"]
[WhiteFideId "12981567"]
[BlackFideId "12949698"]
[EventCountry "GER"]
[EventRounds "11"]
[EventType "swiss"]
[EventDate "2013.05.18"]

1. e4 c5 2. Nc3 e6 3. Nf3 Nc6 4. d3 Be7 5. Be3 e5 6. Be2 Nf6 7. O-O O-O 8. h3
d6 9. Qd2 Nd4 10. Rad1 Be6 11. Rfe1 a6 12. a4 Qd7 13. Ng5 b5 14. Nxe6 fxe6 15.
b3 b4 16. Na2 a5 17. Bxd4 exd4 18. Bf3 e5 19. Qe2 Rad8 20. Nc1 Qe6 21. Qd2 d5
22. exd5 Nxd5 23. Bxd5 Qxd5 24. Qe2 Bd6 25. Qe4 Qe6 26. Ne2 Qf6 27. Rf1 1/2-1/2

[Event "DEM U10/U10w 2013"]
[Site "Oberhof GER"]
[Date "2013.05.25"]
[Round "11"]
[White "Grund, Sebastian"]
[Black "Nguyen, Alex Dac-Vuong"]
[Result "0-1"]
[Termination "normal"]
[Board "17"]
[WhiteElo "1231"]
[BlackElo "1401"]
[PlyCount "88"]
[WhiteFideId "12988626"]
[BlackFideId "12984388"]
[EventCountry "GER"]
[EventRounds "11"]
[EventType "swiss"]
[EventDate "2013.05.18"]

1. d4 d5 2. c4 c6 3. Nc3 e6 4. Nf3 Bd6 5. e3 f5 6. Bd3 Nf6 7. O-O O-O 8. Ne5
Ne4 9. f4 Rf6 10. Rf3 Rh6 11. Qe1 Qe8 12. Be2 Nd7 13. b3 Ndf6 14. Nxe4 dxe4 15.
Rg3 Be7 16. Bb2 Nd7 17. Rh3 Rxh3 18. gxh3 Nxe5 19. fxe5 Qg6+ 20. Qg3 Bg5 21.
Kh1 Qh6 22. Bc1 Bd7 23. Bd2 Rf8 24. Rf1 b6 25. a3 c5 26. d5 Bc8 27. b4 Bb7 28.
d6 f4 29. Qf2 Bh4 30. Qg1 f3 31. Bd1 Rf5 32. d7 Bc6 33. Qg4 Qg5 34. Qxg5 Bxg5
35. bxc5 bxc5 36. Ba5 Bxd7 37. Bc7 Bxe3 38. Bc2 Bc6 39. a4 Rg5 40. h4 Rg2 41.
Rd1 Bd4 42. Rb1 Rxc2 43. Rb8+ Kf7 44. Rb1 e3 0-1

[Event "DEM U10/U10w 2013"]
[Site "Oberhof GER"]
[Date "2013.05.25"]
[Round "11"]
[White "Bosselmann, Tom Linus"]
[Black "Baladjaev, Leyla"]
[Result "1-0"]
[Termination "normal"]
[Board "18"]
[WhiteElo "1180"]
[BlackElo "1385"]
[PlyCount "68"]
[WhiteFideId "12983845"]
[BlackFideId "12960217"]
[EventCountry "GER"]
[EventRounds "11"]
[EventType "swiss"]
[EventDate "2013.05.18"]

1. d4 d5 2. c4 e6 3. Nf3 Nf6 4. g3 Be7 5. Bg2 O-O 6. Nbd2 Nbd7 7. O-O Re8 8.
Qc2 b6 9. b3 Bb7 10. Bb2 c5 11. e3 Qc7 12. Rac1 Rac8 13. Rfe1 Nf8 14. Ne5 Ng6
15. Ndf3 Nd7 16. Nxg6 fxg6 17. Qc3 Rf8 18. Nd2 dxc4 19. Bxb7 Qxb7 20. bxc4 Bf6
21. Qd3 Rfd8 22. Qe2 e5 23. d5 b5 24. e4 bxc4 25. Nxc4 Qa6 26. Bc3 Bg5 27. Rcd1
Qf6 28. f4 Bxf4 29. gxf4 Qxf4 30. Rf1 Qg5+ 31. Kh1 Qe7 32. Qg4 Nf6 33. Qf3 Qb7
34. Bxe5 Qf7 1-0

[Event "DEM U10/U10w 2013"]
[Site "Oberhof GER"]
[Date "2013.05.25"]
[Round "11"]
[White "Burian, Simon"]
[Black "Gelfenbaum, Daniel"]
[Result "0-1"]
[Termination "normal"]
[Board "19"]
[WhiteElo "1370"]
[BlackElo "1055"]
[PlyCount "114"]
[WhiteFideId "12956902"]
[BlackFideId "12965634"]
[EventCountry "GER"]
[EventRounds "11"]
[EventType "swiss"]
[EventDate "2013.05.18"]

1. e4 c6 2. d4 d5 3. exd5 cxd5 4. Bd3 Nc6 5. c3 Nf6 6. Bf4 g6 7. Nd2 Bg7 8.
Ngf3 O-O 9. O-O Bf5 10. Bxf5 gxf5 11. Qe2 Ne4 12. Rae1 e6 13. Nxe4 fxe4 14. Ne5
Nxe5 15. Bxe5 Qg5 16. Bxg7 Qxg7 17. f3 exf3 18. Rxf3 Kh8 19. Qe5 Qxe5 20. Rxe5
Rae8 21. Rh5 f5 22. Rh6 Re7 23. g4 Rg8 24. Rh4 Rxg4+ 25. Rxg4 fxg4 26. Rg3 h5
27. Kf2 Rg7 28. Ke3 Kg8 29. Kf4 Kf7 30. h4 gxh3 31. Rxh3 Rg4+ 32. Ke5 Ke7 33.
Re3 b5 34. b3 h4 35. c4 bxc4 36. bxc4 Rg3 37. Re2 dxc4 38. Kf4 Ra3 39. d5 Ra6
40. Kg4 Kd7 41. dxe6+ Rxe6 42. Rd2+ Rd6 43. Rc2 Rd4+ 44. Kf3 h3 45. Kg3 Rd3+
46. Kh2 c3 47. Rxc3 Rxc3 48. a4 Ra3 49. a5 Rxa5 50. Kxh3 Ra4 51. Kg2 Ra3 52.
Kf2 Ke6 53. Ke2 Ke5 54. Kf2 Kf4 55. Kg2 Rb3 56. Kh1 Kg3 57. Kg1 Rb1# 0-1

[Event "DEM U10/U10w 2013"]
[Site "Oberhof GER"]
[Date "2013.05.25"]
[Round "11"]
[White "Buchloh, Adrian"]
[Black "Stirnberg, Noah"]
[Result "1-0"]
[Termination "normal"]
[Board "20"]
[WhiteElo "1141"]
[BlackElo "1338"]
[PlyCount "73"]
[WhiteFideId "12960675"]
[BlackFideId "16207742"]
[EventCountry "GER"]
[EventRounds "11"]
[EventType "swiss"]
[EventDate "2013.05.18"]

1. d4 Nf6 2. Nc3 d5 3. Bf4 c6 4. f3 Bf5 5. Qd2 e6 6. g4 Bg6 7. h4 h6 8. Bg2 Bd6
9. Nh3 Qc7 10. e4 dxe4 11. Bxd6 Qxd6 12. fxe4 Qg3+ 13. Kf1 Nxg4 14. Rc1 Nh2+
15. Rxh2 Qxh2 16. Kf2 Qd6 17. e5 Qd7 18. Nf4 Bh7 19. Bh3 Qe7 20. Rg1 Qxh4+ 21.
Kf1 g5 22. Rg4 Qxg4 23. Bxg4 gxf4 24. Qxf4 Bxc2 25. Ke2 Na6 26. Ne4 Bxe4 27.
Qxe4 Rd8 28. Bh5 Nb4 29. Qg4 Ke7 30. Qh4+ Ke8 31. Qf6 Rh7 32. Qxe6+ Kf8 33. Qf5
Rg7 34. e6 Rd5 35. Qf6 Rh7 36. Bxf7 Re5+ 37. Qxe5 1-0

[Event "DEM U10/U10w 2013"]
[Site "Oberhof GER"]
[Date "2013.05.25"]
[Round "11"]
[White "Weishäutel, Moritz"]
[Black "Schumacher, Simon"]
[Result "1-0"]
[Termination "normal"]
[Board "21"]
[WhiteElo "1431"]
[BlackElo "1156"]
[PlyCount "65"]
[WhiteFideId "12967300"]
[BlackFideId "12957518"]
[EventCountry "GER"]
[EventRounds "11"]
[EventType "swiss"]
[EventDate "2013.05.18"]

1. e4 d5 2. exd5 Qxd5 3. Nc3 Qa5 4. d4 c6 5. Bd2 Qc7 6. Bc4 Bf5 7. Nf3 Nf6 8.
O-O e6 9. Re1 Nbd7 10. Ne5 Bd6 11. Bf4 Rf8 12. Nxd7 Qxd7 13. Bxd6 Qxd6 14. d5
O-O-O 15. dxe6 fxe6 16. Qe2 Rfe8 17. Rad1 Qe7 18. Rxd8+ Kxd8 19. Rd1+ Kc8 20.
Bd3 Qc7 21. Bxf5 exf5 22. Qd3 g6 23. g3 f4 24. Qd4 Nh5 25. Qxa7 Qe5 26. Kg2
fxg3 27. hxg3 g5 28. Qa4 Nf6 29. f4 gxf4 30. Qxf4 Qxf4 31. gxf4 Ng4 32. Kf3 Ne3
33. Re1 1-0

[Event "DEM U10/U10w 2013"]
[Site "Oberhof GER"]
[Date "2013.05.25"]
[Round "11"]
[White "Basovskiy, Jana"]
[Black "Röhr, Tobias"]
[Result "0-1"]
[Termination "normal"]
[Board "22"]
[WhiteElo "1109"]
[BlackElo "1389"]
[PlyCount "70"]
[WhiteFideId "16208617"]
[BlackFideId "12963089"]
[EventCountry "GER"]
[EventRounds "11"]
[EventType "swiss"]
[EventDate "2013.05.18"]

1. e4 e5 2. Nf3 Nc6 3. Bc4 Bc5 4. c3 Nf6 5. d4 exd4 6. e5 d5 7. Bb5 Ne4 8. cxd4
Bb6 9. O-O O-O 10. Nc3 Bg4 11. Re1 f5 12. h3 Bxf3 13. Qxf3 Nxd4 14. Qd1 Nxc3
15. bxc3 Nxb5 16. e6 Re8 17. Re5 Nxc3 18. Qf3 Ne4 19. Qxf5 Bxf2+ 20. Kh1 Ng3+
21. Kh2 Nxf5 22. Rxf5 Bd4 23. Rb1 Qd6+ 24. Kh1 Qxe6 25. Rf1 Rf8 26. Rxf8+ Rxf8
27. Ba3 Rf3 28. Kh2 Be5+ 29. Kg1 Rxa3 30. Rxb7 Bg3 31. Rb1 Rxa2 32. Rf1 Qe3+
33. Kh1 Qf2 34. Rg1 Qxg1+ 35. Kxg1 Ra1# 0-1

[Event "DEM U10/U10w 2013"]
[Site "Oberhof GER"]
[Date "2013.05.25"]
[Round "11"]
[White "Post, Hugo"]
[Black "Wastian, Mareike"]
[Result "1-0"]
[Termination "normal"]
[Board "23"]
[WhiteElo "1341"]
[BlackElo "1096"]
[PlyCount "57"]
[WhiteFideId "12962490"]
[BlackFideId "12947423"]
[EventCountry "GER"]
[EventRounds "11"]
[EventType "swiss"]
[EventDate "2013.05.18"]

1. e4 c6 2. d4 d5 3. exd5 cxd5 4. c4 Nf6 5. Nc3 e6 6. Nf3 Bb4 7. a3 Bxc3+ 8.
bxc3 Nc6 9. cxd5 Nxd5 10. Bd2 O-O 11. Bd3 Re8 12. O-O Nf6 13. Re1 Qc7 14. Qc2
b6 15. Bg5 Qe7 16. Bxh7+ Kh8 17. Bd3 Bb7 18. d5 Nb8 19. c4 Nbd7 20. Be4 Qd6 21.
Bd3 exd5 22. cxd5 Qxd5 23. Qc4 Nc5 24. Qh4+ Kg8 25. Bc2 Qc6 26. Bxf6 Rxe1+ 27.
Rxe1 Ne6 28. Qh7+ Kf8 29. Qh8# 1-0